Métodos de análisis regional: una introducción a la ciencia regional
Gorde:
| Egile Nagusiak: | , , , , , , |
|---|---|
| Formatua: | Liburua |
| Hizkuntza: | gaztelania |
| Argitaratua: |
Barcelona
Ariel
1971
|
| Gaiak: | |
| Etiketak: |
Etiketa erantsi
Etiketarik gabe, Izan zaitez lehena erregistro honi etiketa jartzen!
|
MARC
| LEADER | 00000nam a2200000 a 4500 | ||
|---|---|---|---|
| 001 | UCU2733 | ||
| 003 | CL-VaPUC | ||
| 008 | 960426e19710000SP |||||||||||||||||spa|d | ||
| 082 | 0 | 4 | |a 330.1 |b ISA |2 21 |
| 100 | |a Isard, Walter |e author |9 414964 | ||
| 700 | 0 | |a Bramhall, David F |e author |9 359187 | |
| 700 | 0 | |a Carrothers, Gerald A |e author |9 359188 | |
| 700 | 0 | |a Cumberland, John H |e author |9 359189 | |
| 700 | 0 | |a Moses, Leon N |e author |9 359190 | |
| 700 | 0 | |a Price, Daniel O |e author |9 359191 | |
| 700 | 0 | |a Schooler, Eugene W |e author |9 359192 | |
| 245 | 1 | 0 | |a Métodos de análisis regional: una introducción a la ciencia regional |
| 300 | |a 815 p | ||
| 942 | |c BK | ||
| 945 | |d 19960426 00:00:00 |a paguirre | ||
| 260 | |a Barcelona |b Ariel |c 1971 | ||
| 650 | 0 | |a Economía |9 255568 | |
| 650 | 0 | |a Teorías económicas |9 270968 | |
| 650 | 0 | |a Población |9 257577 | |
| 650 | 0 | |a Demografía |9 260008 | |
| 650 | 0 | |a Emigración |9 343094 | |
| 650 | 7 | |a RENTA |2 CL-VaPUC |9 358792 | |
| 650 | 0 | |a Contabilidad |9 261430 | |
| 650 | 0 | |a Balanza de pagos |9 316476 | |
| 650 | 0 | |a Condiciones económicas |9 258255 | |
| 650 | 0 | |a Industrias |9 263688 | |
| 650 | 0 | |a Industrialización |9 263687 | |
| 583 | |a last modification |c 19960426 00:00:00 |k Rodrigo Vera | ||
| 999 | |c 246965 |d 246963 | ||
| 952 | |0 0 |1 0 |4 0 |6 330_100000000000000_ISA_1971 |7 0 |8 A |9 262362 |a BIBING |b BIBING |d 2019-11-19 |i 1642650 |o 330.1 ISA 1971 |p 1642650 |r 2025-01-20 |w 2019-11-19 |y BK |k GEO | ||
| 952 | |0 0 |1 0 |4 0 |6 330_100000000000000_ISA_1971 |7 0 |8 A |9 262363 |a BIBING |b BIBING |d 2019-11-19 |i 1643096 |o 330.1 ISA 1971 |p 1643096 |r 2025-01-20 |w 2019-11-19 |y BK |k GEO | ||